Štúdium alkalickej predúpravy lignocelulózovej biomasy s cieľom produkcie bioplynu

Na minha lista:
Detalhes bibliográficos
Autor principal: Barbušová, Jana (Author)
Outros Autores: Hutňan, Miroslav (Thesis advisor)
Formato: Manuscrito Livro
Idioma:eslovaco
Publicado em: 2016
Assuntos:
Acesso em linha:http://is.stuba.sk/zp/portal_zp.pl?podrobnosti=120946
Tags: Adicionar Tag
Sem tags, seja o primeiro a adicionar uma tag!

MARC

LEADER 00000ntm a22000003a 4500
001 stuzp58318
003 SK-STU
005 20160719155527.6
007 ta
008 150427s2015----xo-----f-mn---000-0-slo-d
040 |a STU  |b slo 
041 0 |a slo 
100 1 |a Barbušová, Jana  |u 046290  |4 aut  |U FCHPT Ústav chemického a environmentálneho inžinierstva  |T FCHPT Oddelenie environmentálneho inžinierstva  |X 42434  |U C6290  |Y 120  |7 42434 
242 0 1 |a The study of the alkaline pretreatment on lignocelluloses biomass with main goal to produces biogas  |y eng 
245 1 0 |a Štúdium alkalickej predúpravy lignocelulózovej biomasy s cieľom produkcie bioplynu 
260 |c 2016 
650 4 |a predúprava  |2 slo 
650 4 |a bioplyn  |2 slo 
650 4 |a enzým  |2 slo 
650 4 |a hydroxid sodný  |2 slo 
650 4 |a lignocelulózový materiál  |2 slo 
650 4 |a biogas  |2 eng 
650 4 |a enzyme  |2 eng 
650 4 |a sodium hydroxide  |2 eng 
650 4 |a lignocelluloses material  |2 eng 
650 4 |a pretreatment  |2 eng 
700 1 |a Hutňan, Miroslav  |u 046290  |k Z1  |4 ths  |U FCHPT Ústav chemického a environmentálneho inžinierstva  |T FCHPT Oddelenie environmentálneho inžinierstva  |X 3355  |U C6290  |Y 120  |7 A000003355 
856 4 |u http://is.stuba.sk/zp/portal_zp.pl?podrobnosti=120946 
SQL |a stuzp58318  |b DDP  |c SLO  |d Štúdium alkalickej predúpravy lignocelulózovej biomasy s cieľom produkcie bioplynu  |e 42434  |f Barbušová, Jana  |g 046290  |h 3355  |i Hutňan, Miroslav  |j 20160606  |k 1086  |l 04  |m http://is.stuba.sk/zp/portal_zp.pl?podrobnosti=120946  |n I-TOZP  |o 5.2.18. chemické technológie